Emilia en vísperas de su boda
Gespeichert in:
| 1. Verfasser: | |
|---|---|
| Format: | Buch |
| Sprache: | Deutsch Spanisch |
| Veröffentlicht: |
Madrid
Hiperión
1999
|
| Schriftenreihe: | Poesía Hiperión, 351
|
| Schlagworte: | |
| Tags: |
Tag hinzufügen
Keine Tags, Fügen Sie den ersten Tag hinzu!
|
MARC
| LEADER | 00000cam a2200000 a 4500 | ||
|---|---|---|---|
| 001 | UCG9930 | ||
| 003 | CL-VaPUC | ||
| 008 | 120412e19990000SP |||||||||||||||||ger|d | ||
| 020 | |a 8475176038 | ||
| 041 | 0 | 7 | |a ger |2 CL-VaPUC |
| 041 | 0 | 7 | |a spa |2 CL-VaPUC |
| 082 | 0 | 4 | |a 831 |b HOL |2 21 |
| 100 | 0 | |a Holderlin, Friedrich |e author |9 265116 | |
| 245 | 1 | 0 | |a Emilia en vísperas de su boda |
| 246 | 1 | 0 | |a Emilie vor ihrem brauttag |
| 300 | |a 131 p | ||
| 942 | |c BK | ||
| 945 | |d 20120412 00:00:00 |a dcastane | ||
| 260 | |a Madrid |b Hiperión |c 1999 | ||
| 650 | 7 | |a POESIAS ALEMANAS |2 CL-VaPUC |9 561695 | |
| 650 | 0 | |a Literatura alemana |9 265457 | |
| 583 | |a last modification |c 20120412 10:24:00 |k Rodrigo Vera | ||
| 490 | 0 | |a Poesía Hiperión, 351 | |
| 999 | |c 347456 |d 347454 | ||
| 952 | |0 0 |1 0 |4 0 |6 831_000000000000000_HOL_1999 |7 0 |8 A |9 448793 |a BIBART |b BIBART |d 2019-11-22 |i 4858077 |o 831 HOL 1999 |p 4858077 |r 2025-03-13 |w 2019-11-22 |y BK |k ART | ||